| 000 | 00943cam a22002531i 4500 | ||
|---|---|---|---|
| 003 | SA-RiAUC | ||
| 005 | 20241013070801.0 | ||
| 008 | 241013s2002 xx g 000r0 ara c | ||
| 020 | _a2911140699 | ||
| 040 |
_aSA-RiAUC _bara _cSA-RiAUC _erda |
||
| 082 | 0 | 4 |
_a213 _qSA-RiAUC |
| 090 |
_a213 _bم و ج |
||
| 100 | 1 |
_aالموجان، عبد الرحمن بن حسين بن عبد الله _eمؤلف. |
|
| 245 | 1 | 0 |
_aتدمير بلا هدف / _cعبد الله بن حسين الموجان. |
| 250 | _aالطبعة الأولى. | ||
| 264 | 1 |
_a[مكان النشر غير محدد] : _bعبد الله بن حسين الموجان، _c[2002] |
|
| 300 |
_a315 صفحة ؛ _c24 سم |
||
| 336 |
_aنص _btxt _2rdacontent _3كتاب |
||
| 337 |
_aبدون وسيط _bn _2rdamedia |
||
| 338 |
_aمجلد _bnc _2rdacarrier |
||
| 650 | 7 |
_aالوعظ والإرشاد _2aucsh |
|
| 942 |
_2ddc _cBOOK _n0 |
||
| 949 |
_aSA-JeALM _d241013 _umohamedma123 _n1 |
||
| 999 |
_c1240 _d1240 |
||